| 000 | 00732nam a2200217 i 4500 | ||
|---|---|---|---|
| 001 | 50859 | ||
| 003 | ES-MaACL | ||
| 005 | 20250916201037.0 | ||
| 007 | t| | ||
| 008 | 030807s1972 sp |||| | spa d | ||
| 100 | 1 |
_aCuénot, Claude. _9164728 |
|
| 245 | 1 | 0 |
_aCiencia y fe en Teilhard de Chardin / _cClaude Cuenot ; con un comentario de Roger Garaudy ; [traducción de Ramón Hernández]. |
| 260 |
_a[Madrid : _bPlaza & Janés, _c1972] |
||
| 300 |
_a122 p. ; _c18 cm. |
||
| 600 | 1 | 4 |
_aTeilhard de Chardin, Pierre, _d1881-1955- _xCrítica e interpretación _9109522 |
| 650 | 0 | 4 |
_aFe. _912734 |
| 700 | 1 |
_aGaraudy, Roger. _953935 |
|
| 700 | 1 |
_aHernández, Ramón. _962858 |
|
| 852 |
_aES-MaACL _jC-52186 |
||
| 999 |
_c50859 _d50859 |
||